[Event "Benidorm 2009 - Campeonato de España po"]
[Site "Benidorm ESP"]
[Date "2009.12.06"]
[Round "4.12"]
[White "Castillo Sanjuan, Alejandro"]
[Black "Silva Rodriguez, Fernando"]
[Result "0-1"]
[WhiteElo "1949"]
[BlackElo "2048"]
[PlyCount "40"]
[EventDate "2009.12.04"]
[EventType "team-tourn"]
[EventRounds "6"]
[EventCountry "ESP"]
[Source "lmi"]
[SourceDate "2009.12.04"]

1. d4 d6 2. c4 e5 3. d5 a5 4. e4 Na6 5. Nc3 Nc5 6. Nf3 g6 7. Be2 f5 8. Bg5 Be7
9. Bxe7 Qxe7 10. Nd2 Nf6 11. Qc2 O-O 12. O-O-O Nfxe4 13. Ndxe4 fxe4 14. Bf1
Qg5+ 15. Kb1 Qf6 16. Be2 Qxf2 17. Rhf1 Qxg2 18. Rxf8+ Kxf8 19. Rf1+ Bf5 20. Nd1
Qxf1 0-1

[Event "Benidorm 2009 - Campeonato de España po"]
[Site "Benidorm ESP"]
[Date "2009.12.06"]
[Round "4.13"]
[White "Ballester Llagaria, Luis Eduardo"]
[Black "Jimenez Fernandez, Alejandro"]
[Result "1-0"]
[WhiteElo "2042"]
[BlackElo "1940"]
[PlyCount "63"]
[EventDate "2009.12.04"]
[EventType "team-tourn"]
[EventRounds "6"]
[EventCountry "ESP"]
[Source "lmi"]
[SourceDate "2009.12.04"]

1. e4 c6 2. Nc3 d5 3. Qf3 dxe4 4. Nxe4 Nd7 5. d4 Ndf6 6. c3 Nxe4 7. Qxe4 Nf6 8.
Qc2 g6 9. Bd3 Qd5 10. Nf3 Bh3 11. Bf1 Bf5 12. Qb3 Qe4+ 13. Be2 c5 14. Ng5 Qd5
15. Bb5+ Bd7 16. Bxd7+ Kxd7 17. Qxd5+ Nxd5 18. Nxf7 Rg8 19. dxc5 Bg7 20. O-O
Kc6 21. Ng5 Kxc5 22. Nxh7 Rh8 23. Ng5 Be5 24. h3 Kb5 25. Nf7 Rh5 26. g4 Rxh3
27. Nxe5 Rah8 28. Kg2 Rh2+ 29. Kf3 R2h3+ 30. Ke2 Ka6 31. Nxg6 Re8 32. Nf4 1-0

[Event "Benidorm 2009 - Campeonato de España po"]
[Site "Benidorm ESP"]
[Date "2009.12.06"]
[Round "4.14"]
[White "Castillo Sanjuan, Daniel"]
[Black "Silva Rodriguez, Julio"]
[Result "0-1"]
[WhiteElo "1882"]
[BlackElo "1983"]
[PlyCount "64"]
[EventDate "2009.12.04"]
[EventType "team-tourn"]
[EventRounds "6"]
[EventCountry "ESP"]
[Source "lmi"]
[SourceDate "2009.12.04"]

1. e4 e6 2. d4 d5 3. Nd2 Nf6 4. e5 Nfd7 5. c3 c5 6. Bd3 Nc6 7. Ne2 cxd4 8. cxd4
f6 9. f4 fxe5 10. fxe5 Nxd4 11. Nxd4 Qh4+ 12. g3 Qxd4 13. Nf3 Bb4+ 14. Bd2 Qxd3
15. Bxb4 Qe4+ 16. Qe2 Qxb4+ 17. Kf2 O-O 18. Kg2 Qe4 19. Rhe1 Qxe2+ 20. Rxe2 Nc5
21. Rc1 b6 22. b4 Ba6 23. Re3 Ne4 24. a4 Rac8 25. Ree1 Rxc1 26. Rxc1 Bc4 27.
Rc2 Bf1+ 28. Kxf1 Rxf3+ 29. Kg2 Rc3 30. Ra2 d4 31. a5 d3 32. axb6 axb6 0-1

[Event "Benidorm 2009 - Campeonato de España po"]
[Site "Benidorm ESP"]
[Date "2009.12.06"]
[Round "4.21"]
[White "Montañes Arribas, Adrian"]
[Black "Rodriguez Lapetra, Pablo"]
[Result "0-1"]
[WhiteElo "2207"]
[BlackElo "2075"]
[PlyCount "52"]
[EventDate "2009.12.04"]
[EventType "team-tourn"]
[EventRounds "6"]
[EventCountry "ESP"]
[Source "lmi"]
[SourceDate "2009.12.04"]

1. e4 c5 2. Nf3 Nc6 3. d4 cxd4 4. Nxd4 Nf6 5. Nc3 e5 6. Ndb5 d6 7. Bg5 a6 8.
Na3 b5 9. Bxf6 gxf6 10. Nd5 f5 11. Bd3 Be6 12. O-O Bg7 13. Qh5 f4 14. c4 b4 15.
Nc2 a5 16. g3 Ne7 17. Rad1 Bxd5 18. exd5 Ng6 19. b3 Qb6 20. a3 O-O 21. axb4
axb4 22. Be4 Ra2 23. Ra1 Rfa8 24. Rxa2 Rxa2 25. Ra1 Rxa1+ 26. Nxa1 Qd4 0-1

[Event "Benidorm 2009 - Campeonato de España po"]
[Site "Benidorm ESP"]
[Date "2009.12.06"]
[Round "4.22"]
[White "Meneses Gonzalez, Kevin Moises"]
[Black "Martin Duque, Jesus"]
[Result "0-1"]
[WhiteElo "2070"]
[BlackElo "2048"]
[PlyCount "82"]
[EventDate "2009.12.04"]
[EventType "team-tourn"]
[EventRounds "6"]
[EventCountry "ESP"]
[Source "lmi"]
[SourceDate "2009.12.04"]

1. e4 e6 2. d4 d5 3. Nc3 Bb4 4. e5 c5 5. a3 Bxc3+ 6. bxc3 Qa5 7. Bd2 Qa4 8. Qb1
c4 9. Nh3 Nc6 10. Nf4 Nge7 11. Nh5 Rg8 12. g4 Bd7 13. f4 O-O-O 14. Bh3 Kb8 15.
Ra2 Rdf8 16. Ng3 g6 17. Qd1 f6 18. exf6 Rxf6 19. O-O Rgf8 20. Qe2 R6f7 21. Bg2
Ka8 22. Nh1 Rh8 23. Nf2 h6 24. h3 Qa5 25. Raa1 Nc8 26. Nd1 Nd6 27. Ne3 Rhf8 28.
f5 gxf5 29. gxf5 Nxf5 30. Nxf5 Rxf5 31. Bxh6 Rxf1+ 32. Rxf1 Rxf1+ 33. Qxf1 Qxa3
34. h4 a5 35. Qf8+ Qxf8 36. Bxf8 Be8 37. Bh3 Bf7 38. Bg4 e5 39. Bg7 exd4 40.
cxd4 a4 41. h5 Bxh5 0-1

[Event "Benidorm 2009 - Campeonato de España po"]
[Site "Benidorm ESP"]
[Date "2009.12.06"]
[Round "4.23"]
[White "Madurga Lopez, Ignacio"]
[Black "Nortes Hernandez, Pedro"]
[Result "0-1"]
[WhiteElo "1903"]
[BlackElo "1850"]
[PlyCount "76"]
[EventDate "2009.12.04"]
[EventType "team-tourn"]
[EventRounds "6"]
[EventCountry "ESP"]
[Source "lmi"]
[SourceDate "2009.12.04"]

1. e4 c5 2. Nf3 e6 3. c3 Nf6 4. Bd3 Nc6 5. Bc2 Qc7 6. O-O Be7 7. a3 d5 8. d3
O-O 9. Qe2 b6 10. e5 Nd7 11. d4 cxd4 12. cxd4 Na5 13. Bg5 Nb8 14. Rc1 Nbc6 15.
Bxe7 Qxe7 16. Nbd2 Bd7 17. b4 Nb7 18. Qd3 g6 19. Nf1 f6 20. exf6 Qxf6 21. Ne3
Nd6 22. Bb3 Rac8 23. Ng4 Qf4 24. h3 Nxd4 25. Rxc8 Nxf3+ 26. Qxf3 Qxf3 27. gxf3
Bxc8 28. Rc1 Kg7 29. Rc6 Rd8 30. Kg2 h5 31. Ne5 Kf6 32. f4 g5 33. Nd3 Nb5 34.
Bd1 Bb7 35. Rc1 d4+ 36. Kg3 Be4 37. fxg5+ Kxg5 38. Nf4 h4+ 0-1

[Event "Benidorm 2009 - Campeonato de España po"]
[Site "Benidorm ESP"]
[Date "2009.12.06"]
[Round "4.24"]
[White "Molina Rodriguez, Borja"]
[Black "Plaza Vazquez, Javier"]
[Result "1-0"]
[WhiteElo "1832"]
[BlackElo "1557"]
[PlyCount "67"]
[EventDate "2009.12.04"]
[EventType "team-tourn"]
[EventRounds "6"]
[EventCountry "ESP"]
[Source "lmi"]
[SourceDate "2009.12.04"]

1. e4 e5 2. Bc4 Nf6 3. d3 Bc5 4. Nf3 d6 5. O-O Bg4 6. c3 O-O 7. Re1 Nbd7 8. h3
Bh5 9. Nbd2 c6 10. g4 Bg6 11. Bb3 b5 12. Nf1 Kh8 13. Ng3 h5 14. Ng5 hxg4 15.
hxg4 Nh7 16. Nxh7 Kxh7 17. Kg2 Rh8 18. Rh1+ Kg8 19. Rxh8+ Kxh8 20. Qf3 Qf6 21.
Nf5 a5 22. g5 Qd8 23. Bd2 Nf8 24. Rh1+ Kg8 25. Nh4 Qd7 26. Nf5 a4 27. Qh3 Bh7
28. Bd1 g6 29. Nh6+ Kg7 30. Bg4 Qe7 31. Bf3 Rb8 32. Ng4 Qe6 33. Qh6+ Kg8 34.
Nf6+ 1-0

[Event "Benidorm 2009 - Campeonato de España po"]
[Site "Benidorm ESP"]
[Date "2009.12.07"]
[Round "5.11"]
[White "Matinez Ramirez, Erik"]
[Black "Montoliu Cervero, Francisco"]
[Result "1-0"]
[PlyCount "55"]
[EventDate "2009.12.04"]
[EventType "team-tourn"]
[EventRounds "6"]
[EventCountry "ESP"]
[Source "lmi"]
[SourceDate "2009.12.04"]
[WhiteElo "2129"]
[BlackElo "2112"]

1. e4 c5 2. Nf3 d6 3. d4 cxd4 4. Nxd4 Nf6 5. Nc3 g6 6. Be3 Bg7 7. f3 Nc6 8. Qd2
O-O 9. g4 Be6 10. Nxe6 fxe6 11. O-O-O Ne5 12. Be2 Qa5 13. h4 b5 14. Kb1 b4 15.
Nb5 Nxf3 16. Bxf3 Qxb5 17. e5 Nd5 18. Bxd5 exd5 19. h5 Rf3 20. hxg6 hxg6 21.
Bd4 Bxe5 22. Bxe5 dxe5 23. Qh6 Qe8 24. Rxd5 Kf7 25. Rhd1 Kg8 26. Rd6 Qf8 27.
Rxg6+ Kf7 28. Qh7+ 1-0

[Event "Benidorm 2009 - Campeonato de España po"]
[Site "Benidorm ESP"]
[Date "2009.12.07"]
[Round "5.12"]
[White "Silva Rodriguez, Fernando"]
[Black "Molinero Gomez, Sandra"]
[Result "1/2-1/2"]
[PlyCount "56"]
[EventDate "2009.12.04"]
[EventType "team-tourn"]
[EventRounds "6"]
[EventCountry "ESP"]
[Source "lmi"]
[SourceDate "2009.12.04"]
[WhiteElo "2048"]
[BlackElo "1860"]

1. e4 c5 2. Nf3 Nf6 3. Nc3 d5 4. exd5 Nxd5 5. d4 e6 6. Bc4 cxd4 7. Nxd5 exd5 8.
Bb5+ Bd7 9. Bxd7+ Qxd7 10. O-O Nc6 11. Nxd4 Be7 12. Bf4 O-O 13. c3 Na5 14. Qd3
Nc4 15. b3 Nd6 16. f3 Rac8 17. Rac1 Bf6 18. Rfd1 Rfe8 19. a4 a6 20. Rc2 b5 21.
axb5 Nxb5 22. Nxb5 Qxb5 23. Qxb5 axb5 24. Rxd5 Bxc3 25. Kf1 b4 26. Bd2 Rc6 27.
Bxc3 bxc3 28. Rd3 Rec8 1/2-1/2

[Event "Benidorm 2009 - Campeonato de España po"]
[Site "Benidorm ESP"]
[Date "2009.12.07"]
[Round "5.13"]
[White "Campos Cayuelas, Andria"]
[Black "Ballester Llagaria, Luis Eduardo"]
[Result "0-1"]
[PlyCount "68"]
[EventDate "2009.12.04"]
[EventType "team-tourn"]
[EventRounds "6"]
[EventCountry "ESP"]
[Source "lmi"]
[SourceDate "2009.12.04"]
[WhiteElo "1844"]
[BlackElo "2042"]

1. d4 d5 2. Nc3 Nf6 3. Bg5 c6 4. f3 h6 5. Bxf6 exf6 6. e4 Bb4 7. a3 Bxc3+ 8.
bxc3 O-O 9. Bd3 dxe4 10. fxe4 f5 11. e5 c5 12. Nf3 Be6 13. O-O c4 14. Be2 Qa5
15. Qd2 Nc6 16. Nh4 Rad8 17. Qe3 Ne7 18. Rf3 Nd5 19. Qd2 b5 20. Rg3 f4 21. Rf3
g5 22. g3 gxh4 23. gxf4 Bf5 24. Qe1 Kh7 25. Qxh4 Bg4 26. Rg3 Bxe2 27. Kf2 Rg8
28. Rag1 Qb6 29. f5 h5 30. f6 Nxc3 31. Rg7+ Rxg7 32. Rxg7+ Kh8 33. e6 Qxe6 34.
Qf4 Qxf6 0-1

[Event "Benidorm 2009 - Campeonato de España po"]
[Site "Benidorm ESP"]
[Date "2009.12.07"]
[Round "5.14"]
[White "Silva Rodriguez, Julio"]
[Black "Fernandez Aguilar, Francisco"]
[Result "1-0"]
[PlyCount "57"]
[EventDate "2009.12.04"]
[EventType "team-tourn"]
[EventRounds "6"]
[EventCountry "ESP"]
[Source "lmi"]
[SourceDate "2009.12.04"]
[WhiteElo "1983"]
[BlackElo "1757"]

1. e4 e5 2. Nf3 Nc6 3. Bc4 Nf6 4. d3 Bc5 5. c3 a6 6. Nbd2 d6 7. h3 Ba7 8. Bb3
O-O 9. Nf1 d5 10. Qe2 dxe4 11. dxe4 Qe7 12. Ng3 h6 13. Nh4 Kh8 14. Nhf5 Bxf5
15. Nxf5 Qe8 16. Qf3 Nh7 17. Qg3 Rg8 18. O-O Bc5 19. Kh1 Be7 20. f4 Bf6 21. Bd5
exf4 22. Bxf4 Ne5 23. Bxb7 Rb8 24. Bd5 Rxb2 25. Rab1 Rxb1 26. Rxb1 c6 27. Nd6
Qe7 28. Bxe5 cxd5 29. Rb7 1-0

[Event "Benidorm 2009 - Campeonato de España po"]
[Site "Benidorm ESP"]
[Date "2009.12.07"]
[Round "5.21"]
[White "Antolin Concha, Diego"]
[Black "Rodriguez Lapetra, Pablo"]
[Result "1/2-1/2"]
[PlyCount "45"]
[EventDate "2009.12.04"]
[EventType "team-tourn"]
[EventRounds "6"]
[EventCountry "ESP"]
[Source "lmi"]
[SourceDate "2009.12.04"]
[WhiteElo "2171"]
[BlackElo "2075"]

1. d4 Nf6 2. Nf3 g6 3. Bf4 Bg7 4. e3 O-O 5. Be2 d5 6. O-O c5 7. c3 Qb6 8. Qb3
Nc6 9. Nbd2 Re8 10. Bd3 Qxb3 11. axb3 Nd7 12. Bc2 e5 13. dxe5 Ndxe5 14. Nxe5
Nxe5 15. e4 d4 16. cxd4 cxd4 17. Bxe5 Bxe5 18. Bd3 Bd7 19. f4 Bc7 20. e5 Bc6
21. Ne4 Bxe4 22. Bxe4 Bb6 23. Bxb7 1/2-1/2

[Event "Benidorm 2009 - Campeonato de España po"]
[Site "Benidorm ESP"]
[Date "2009.12.07"]
[Round "5.22"]
[White "Meneses Gonzalez, Kevin Moises"]
[Black "Castillo Sanjuan, Alejandro"]
[Result "1-0"]
[PlyCount "99"]
[EventDate "2009.12.04"]
[EventType "team-tourn"]
[EventRounds "6"]
[EventCountry "ESP"]
[Source "lmi"]
[SourceDate "2009.12.04"]
[WhiteElo "2070"]
[BlackElo "1949"]

1. e4 c5 2. Nf3 d6 3. d4 cxd4 4. Nxd4 Nf6 5. Nc3 e6 6. g4 Be7 7. Bg2 a6 8. O-O
Nc6 9. h3 O-O 10. Be3 Qc7 11. Nde2 b5 12. a3 Bb7 13. f4 Rfd8 14. g5 Nd7 15. f5
Nce5 16. Nd4 exf5 17. Nxf5 Bf8 18. Qe2 Nc4 19. Bd4 Nc5 20. Qf2 Ne6 21. Nd5 Bxd5
22. exd5 Nxd4 23. Qxd4 Qb6 24. Qxb6 Nxb6 25. Nd4 Nc4 26. b3 Ne3 27. Rfe1 Nxg2
28. Kxg2 g6 29. Re4 Bg7 30. Rae1 Bxd4 31. Rxd4 Rac8 32. c4 bxc4 33. bxc4 Kf8
34. Kf3 Re8 35. Rde4 Rxe4 36. Rxe4 Rb8 37. Re3 Rb1 38. Ke4 Rg1 39. Kd4 Rxg5 40.
c5 dxc5+ 41. Kxc5 f5 42. Kc6 f4 43. Re4 f3 44. d6 f2 45. d7 f1=Q 46. d8=Q+ Kg7
47. Qxg5 Qf3 48. Qe7+ Kh6 49. Qe5 Qxh3 50. Qf4+ 1-0

[Event "Benidorm 2009 - Campeonato de España po"]
[Site "Benidorm ESP"]
[Date "2009.12.07"]
[Round "5.23"]
[White "Jimenez Fernandez, Alejandro"]
[Black "Nortes Hernandez, Pedro"]
[Result "0-1"]
[PlyCount "106"]
[EventDate "2009.12.04"]
[EventType "team-tourn"]
[EventRounds "6"]
[EventCountry "ESP"]
[Source "lmi"]
[SourceDate "2009.12.04"]
[WhiteElo "1940"]
[BlackElo "1850"]

1. d4 Nf6 2. Nf3 c6 3. c4 d5 4. Nc3 e6 5. Bg5 Nbd7 6. cxd5 exd5 7. e3 Be7 8.
Bd3 O-O 9. Qc2 Re8 10. O-O Nf8 11. Rab1 Bg4 12. Ne5 Be6 13. b4 Rc8 14. Na4 N6d7
15. Bf4 Nxe5 16. Bxe5 Bd6 17. Bxd6 Qxd6 18. Nc5 b6 19. Nxe6 fxe6 20. Rfc1 e5
21. Bf5 Rc7 22. dxe5 Rxe5 23. Rd1 g6 24. Bg4 Qf6 25. Bf3 Ne6 26. b5 cxb5 27.
Qb3 Kg7 28. Bxd5 Nc5 29. Qc3 a6 30. g3 Rc8 31. f4 Re7 32. Rbc1 Qxc3 33. Rxc3 b4
34. Rc2 Rxe3 35. Bg2 Rce8 36. Rd6 b3 37. Rcd2 bxa2 38. Rxa2 Rb3 39. Bf1 Rb1 40.
Kf2 a5 41. Rd5 Ra8 42. f5 a4 43. fxg6 hxg6 44. Bc4 a3 45. Rdd2 b5 46. Bd5 Rb8
47. Rac2 Na4 48. Ba2 Rb2 49. Be6 b4 50. h4 b3 51. Rxb2 axb2 52. Rd1 Nc3 53. Rf1
Rb7 0-1

[Event "Benidorm 2009 - Campeonato de España po"]
[Site "Benidorm ESP"]
[Date "2009.12.07"]
[Round "5.24"]
[White "Molina Rodriguez, Borja"]
[Black "Castillo Sanjuan, Daniel"]
[Result "1-0"]
[PlyCount "39"]
[EventDate "2009.12.04"]
[EventType "team-tourn"]
[EventRounds "6"]
[EventCountry "ESP"]
[Source "lmi"]
[SourceDate "2009.12.04"]
[WhiteElo "1832"]
[BlackElo "1882"]

1. e4 e5 2. Nf3 Nc6 3. Bc4 Bc5 4. c3 Nf6 5. d3 d6 6. O-O O-O 7. Bb3 Bg4 8. h3
Bh5 9. Re1 h6 10. Nbd2 Nh7 11. g4 Bg6 12. Nf1 h5 13. Ng3 hxg4 14. hxg4 Qe7 15.
Kg2 Nd8 16. Rh1 Ne6 17. Nh4 Qf6 18. Ngf5 Nhg5 19. Bxg5 Qxg5 20. Nxg6 1-0

[Event "Benidorm 2009 - Campeonato de España po"]
[Site "Benidorm ESP"]
[Date "2009.12.08"]
[Round "6.11"]
[White "Montoliu Cervero, Francisco"]
[Black "Montañes Arribas, Adrian"]
[Result "1/2-1/2"]
[WhiteElo "2112"]
[BlackElo "2207"]
[PlyCount "154"]
[EventDate "2009.12.04"]
[EventType "team-tourn"]
[EventRounds "6"]
[EventCountry "ESP"]
[Source "lmi"]
[SourceDate "2009.12.04"]

1. e4 c5 2. Nf3 d6 3. d4 cxd4 4. Nxd4 Nf6 5. Nc3 a6 6. g3 e5 7. Nb3 Nbd7 8. a4
b6 9. Bg2 Bb7 10. O-O Rc8 11. Re1 Nc5 12. Nd2 Be7 13. Nf1 h6 14. Ne3 g6 15.
Ned5 Ncd7 16. Nxe7 Qxe7 17. f4 Kf8 18. Be3 Kg7 19. h3 Nc5 20. Bf2 Rhd8 21. Nd5
Nxd5 22. exd5 Qc7 23. fxe5 dxe5 24. Rxe5 Nd7 25. Re2 Qd6 26. Qd4+ Kg8 27. Rae1
Nc5 28. Qd2 h5 29. Qh6 Qf6 30. Rd1 Qg7 31. Qf4 Ne6 32. Qc1 Nc5 33. Bd4 Nb3 34.
Bxg7 Nxc1 35. Rxc1 Kxg7 36. Rd2 Rd6 37. c4 a5 38. b3 Re8 39. Rc3 Kf8 40. Kf2
Bc8 41. Re3 Bf5 42. Rxe8+ Kxe8 43. Ke3 Rd8 44. Kd4 Kd7 45. Re2 Kd6 46. Kc3 Kc5
47. Re7 Rd7 48. Re8 Rd6 49. h4 Bg4 50. Be4 Bh3 51. Bd3 Bg4 52. Re3 Rd7 53. Re1
Bh3 54. Re2 Bg4 55. Rf2 Re7 56. Rf6 Rc7 57. Be4 Bh3 58. Bf3 Bc8 59. Kd3 Bf5+
60. Be4 Bg4 61. Ke3 Bd1 62. Rc6+ Rxc6 63. dxc6 Kd6 64. Bd5 f6 65. Kd2 Bg4 66.
Kc3 g5 67. b4 Bd1 68. bxa5 bxa5 69. Kd4 Bxa4 70. c5+ Kc7 71. Bf3 gxh4 72. gxh4
Bxc6 73. Bxh5 Kd8 74. Bg6 Ke7 75. h5 Kf8 76. h6 Kg8 77. Be4 Bd7 1/2-1/2

[Event "Benidorm 2009 - Campeonato de España po"]
[Site "Benidorm ESP"]
[Date "2009.12.08"]
[Round "6.12"]
[White "Martin Duque, Jesus"]
[Black "Silva Rodriguez, Fernando"]
[Result "1-0"]
[WhiteElo "2048"]
[BlackElo "2048"]
[PlyCount "67"]
[EventDate "2009.12.04"]
[EventType "team-tourn"]
[EventRounds "6"]
[EventCountry "ESP"]
[Source "lmi"]
[SourceDate "2009.12.04"]

1. e4 d6 2. d4 Nf6 3. Nc3 Nbd7 4. Nf3 e5 5. g4 h6 6. Bc4 Nxg4 7. Rg1 exd4 8.
Rxg4 dxc3 9. Rf4 Nf6 10. e5 d5 11. Bb3 Qe7 12. Qe2 Nh5 13. Rh4 g6 14. Bxd5 c6
15. Bb3 Be6 16. bxc3 O-O-O 17. Be3 Bd5 18. Bxd5 Rxd5 19. Ra4 a6 20. Rb1 Rb5 21.
Rxb5 cxb5 22. Rd4 Qc7 23. c4 Bc5 24. Rd5 Bb4+ 25. c3 Bxc3+ 26. Kf1 Kb8 27. cxb5
Qa5 28. Qc4 Rc8 29. Ba7+ Kxa7 30. Qxc8 Bb4 31. Nd4 Qxa2 32. Nc6+ bxc6 33. Rd7+
Kb6 34. Qxc6+ 1-0

[Event "Benidorm 2009 - Campeonato de España po"]
[Site "Benidorm ESP"]
[Date "2009.12.08"]
[Round "6.13"]
[White "Ballester Llagaria, Luis Eduardo"]
[Black "Madurga Lopez, Ignacio"]
[Result "1/2-1/2"]
[WhiteElo "2042"]
[BlackElo "1903"]
[PlyCount "68"]
[EventDate "2009.12.04"]
[EventType "team-tourn"]
[EventRounds "6"]
[EventCountry "ESP"]
[Source "lmi"]
[SourceDate "2009.12.04"]

1. e4 c5 2. Nf3 d6 3. d4 cxd4 4. Nxd4 Nf6 5. Nc3 a6 6. g3 e5 7. Nb3 Nbd7 8. a4
b6 9. Bg2 Bb7 10. O-O Rc8 11. Nd2 Nc5 12. Re1 Be7 13. Nf1 h6 14. f3 O-O 15. Ne3
Qc7 16. Nf5 Rfd8 17. Nd5 Nxd5 18. exd5 Bf8 19. Ne3 Nd7 20. c4 g6 21. b3 f5 22.
Bb2 b5 23. Kh1 b4 24. h4 h5 25. f4 Bg7 26. Qd2 a5 27. Nd1 e4 28. Bxg7 Kxg7 29.
Qd4+ Kf7 30. Ne3 Nc5 31. Rab1 Qe7 32. Nc2 Qf6 33. Qxf6+ Kxf6 34. Nd4 Rd7
1/2-1/2

[Event "Benidorm 2009 - Campeonato de España po"]
[Site "Benidorm ESP"]
[Date "2009.12.08"]
[Round "6.14"]
[White "Plaza Vazquez, Javier"]
[Black "Silva Rodriguez, Julio"]
[Result "0-1"]
[WhiteElo "1557"]
[BlackElo "1983"]
[PlyCount "50"]
[EventDate "2009.12.04"]
[EventType "team-tourn"]
[EventRounds "6"]
[EventCountry "ESP"]
[Source "lmi"]
[SourceDate "2009.12.04"]

1. e4 e6 2. b3 d5 3. Bb2 c5 4. g3 Nc6 5. Bg2 d4 6. d3 e5 7. f4 exf4 8. Qf3 fxg3
9. hxg3 Ne5 10. Qf2 Nf6 11. Nf3 Bd6 12. Nxe5 Bxe5 13. Bf3 Qc7 14. Rg1 Ng4 15.
Bxg4 Bxg4 16. Bc1 O-O-O 17. Bf4 f5 18. Nd2 fxe4 19. Nxe4 Rhf8 20. Rf1 Bh3 21.
O-O-O Bxf1 22. Rxf1 h6 23. Qe2 Bxf4+ 24. gxf4 Rxf4 25. Rg1 Rf7 0-1

[Event "Benidorm 2009 - Campeonato de España po"]
[Site "Benidorm ESP"]
[Date "2009.12.08"]
[Round "6.21"]
[White "Moreno Brocalero, Jorge"]
[Black "Rodriguez Lapetra, Pablo"]
[Result "0-1"]
[WhiteElo "1817"]
[BlackElo "2075"]
[PlyCount "98"]
[EventDate "2009.12.04"]
[EventType "team-tourn"]
[EventRounds "6"]
[EventCountry "ESP"]
[Source "lmi"]
[SourceDate "2009.12.04"]

1. e4 c5 2. Nf3 Nc6 3. d4 cxd4 4. Nxd4 Nf6 5. Nc3 e5 6. Ndb5 d6 7. Bg5 a6 8.
Bxf6 gxf6 9. Na3 b5 10. Nd5 f5 11. Bd3 Be6 12. c3 Bg7 13. Ne3 f4 14. Nd5 Rb8
15. Nc2 O-O 16. Ncb4 Nxb4 17. Nxb4 Qb6 18. Qe2 a5 19. Nc2 Bd7 20. O-O f5 21.
Kh1 Bc6 22. f3 Kh8 23. Rfd1 Rbd8 24. c4 fxe4 25. fxe4 b4 26. b3 Rf6 27. Ne1 Rg8
28. a4 Bf8 29. Rd2 Bh6 30. Nf3 Be8 31. Qf2 Qc7 32. Rad1 Bf8 33. Be2 Bg6 34. Bd3
Bh5 35. Rf1 Rh6 36. Bc2 Be7 37. Bd1 Qc6 38. Qe1 Bd8 39. Rb2 Bb6 40. Nd2 Bxd1
41. Qxd1 d5 42. h3 dxe4 43. Qe1 e3 44. Nf3 Rg3 45. Ng1 e2 46. Rf3 Rxf3 47. Nxf3
Rxh3+ 48. Nh2 Rxh2+ 49. Kxh2 Qh6+ 0-1

[Event "Benidorm 2009 - Campeonato de España po"]
[Site "Benidorm ESP"]
[Date "2009.12.08"]
[Round "6.22"]
[White "Meneses Gonzalez, Kevin Moises"]
[Black "Moreno Brocalero, Edgar"]
[Result "1-0"]
[WhiteElo "2070"]
[BlackElo "1763"]
[PlyCount "90"]
[EventDate "2009.12.04"]
[EventType "team-tourn"]
[EventRounds "6"]
[EventCountry "ESP"]
[Source "lmi"]
[SourceDate "2009.12.04"]

1. e4 e6 2. d4 d5 3. Nc3 Nf6 4. Bg5 Be7 5. e5 Nfd7 6. Bxe7 Qxe7 7. f4 c5 8. Nb5
Na6 9. Nd6+ Kf8 10. Nf3 h6 11. c3 Nc7 12. Bd3 cxd4 13. cxd4 Ne8 14. Nxe8 Kxe8
15. O-O g6 16. Rc1 Nb6 17. Qb3 Kf8 18. a4 Kg7 19. a5 Nd7 20. Rc7 a6 21. Rfc1
Qd8 22. Qb4 Re8 23. Nd2 f6 24. Qd6 fxe5 25. dxe5 Re7 26. Nb3 Qe8 27. Rxc8 Rxc8
28. Rxc8 Qf7 29. Rc7 Kf8 30. Nc5 Nxc5 31. Qxc5 g5 32. Rxb7 gxf4 33. Qxe7+ Qxe7
34. Rxe7 Kxe7 35. Bxa6 Kd7 36. Bb5+ Kc7 37. Kf2 Kb7 38. Ke2 h5 39. Kf3 d4 40.
Kxf4 h4 41. Ke4 Kc7 42. Kxd4 Kb7 43. g4 hxg3 44. hxg3 Kc7 45. Kc5 Kb7 1-0

[Event "Benidorm 2009 - Campeonato de España po"]
[Site "Benidorm ESP"]
[Date "2009.12.08"]
[Round "6.23"]
[White "Sierra Soria, Maria"]
[Black "Nortes Hernandez, Pedro"]
[Result "0-1"]
[WhiteElo "1735"]
[BlackElo "1850"]
[PlyCount "80"]
[EventDate "2009.12.04"]
[EventType "team-tourn"]
[EventRounds "6"]
[EventCountry "ESP"]
[Source "lmi"]
[SourceDate "2009.12.04"]

1. c4 e5 2. Nc3 Nf6 3. Nf3 Nc6 4. e3 Be7 5. d4 exd4 6. exd4 d5 7. h3 Be6 8. b3
O-O 9. Be2 Bb4 10. Bb2 Re8 11. O-O Qc8 12. Ng5 Bf5 13. Bd3 h6 14. Bxf5 Qxf5 15.
Nf3 Rad8 16. Ne2 Ne4 17. c5 Ng5 18. Nxg5 Qxg5 19. Bc1 Qe7 20. a3 Bxc5 21. dxc5
Qxe2 22. Bf4 Rd7 23. Re1 Qxe1+ 24. Qxe1 Rxe1+ 25. Rxe1 Kf8 26. Rd1 d4 27. b4 a6
28. Kf1 f6 29. Bc1 Kf7 30. Bb2 Ke6 31. f4 Kd5 32. Rd3 Kc4 33. Ke2 a5 34. b5
Kxb5 35. Rb3+ Kxc5 36. Rxb7 Kc4 37. Bc1 Kc3 38. Bd2+ Kc2 39. Be1 d3+ 40. Kf3
Re7 0-1

[Event "Benidorm 2009 - Campeonato de España po"]
[Site "Benidorm ESP"]
[Date "2009.12.08"]
[Round "6.24"]
[White "Molina Rodriguez, Borja"]
[Black "Hernandez Mateo, Javier"]
[Result "1/2-1/2"]
[WhiteElo "1832"]
[BlackElo "1687"]
[PlyCount "174"]
[EventDate "2009.12.04"]
[EventType "team-tourn"]
[EventRounds "6"]
[EventCountry "ESP"]
[Source "lmi"]
[SourceDate "2009.12.04"]

1. e4 c5 2. Nf3 Nc6 3. d4 cxd4 4. Nxd4 Nf6 5. Nc3 d6 6. Bg5 e6 7. Qd2 Be7 8.
O-O-O a6 9. f4 O-O 10. Be2 Qc7 11. Bf3 h6 12. Bh4 e5 13. Nf5 Bxf5 14. exf5 Rfd8
15. Bxf6 Bxf6 16. Nd5 Qa5 17. Nxf6+ gxf6 18. Qxa5 Nxa5 19. Rd5 Nc4 20. b3 Ne3
21. Rd3 Nxf5 22. Bxb7 Ra7 23. Be4 Nd4 24. g3 Rc7 25. c3 Nb5 26. Kb2 Kg7 27. a4
Na7 28. Rhd1 Nc8 29. f5 Kf8 30. a5 Ke7 31. b4 Na7 32. Kb3 Nb5 33. Bd5 Rdc8 34.
c4 Nd4+ 35. Ka4 Rb8 36. Rb1 Nxf5 37. b5 Nd4 38. b6 Rc5 39. b7 Nc6 40. Rb6 Rxa5+
41. Kb3 Nd4+ 42. Kb2 Kd7 43. Ra3 Rxa3 44. Kxa3 Kc7 45. Rxa6 Ne6 46. Kb4 Nc5 47.
Rc6+ Kd7 48. Rb6 f5 49. Ka3 e4 50. Bxf7 Rxb7 51. Rxb7+ Nxb7 52. Kb3 Ke7 53. Bh5
Ke6 54. Kc3 Ke5 55. Be2 Nc5 56. Bf1 Ne6 57. Be2 Nd4 58. Bd1 d5 59. cxd5 Kxd5
60. Kd2 Ke5 61. Ke3 Nc6 62. Be2 Ne7 63. Bd1 Nd5+ 64. Kd2 Kd4 65. Bc2 Nb6 66.
Ke2 Nc4 67. Ba4 Nb6 68. Be8 Nd5 69. Bd7 Ke5 70. Bc8 f4 71. gxf4+ Kxf4 72. Bb7
Nf6 73. Bc8 h5 74. h3 Nh7 75. Bd7 Ng5 76. Bc8 Nf3 77. Bd7 Nd4+ 78. Ke1 h4 79.
Bg4 e3 80. Bc8 Kg3 81. Bd7 Kf4 82. Bc8 e2 83. Kf2 Ke4 84. Bg4 Kd3 85. Bxe2+
Nxe2 86. Kf3 Ng1+ 87. Kg4 Nxh3 1/2-1/2